00362 2200157 4500245003600000020001800036250001100054100001700065650001600082005001900098260003000117041001400147084000800161300002600169336000900195 aKoala KumalcRaditya DikahText a979-780-769-X aCet. 2 aRaditya Dika aNovel Fiksi a20230116155433 aJakartabGagasMediac2014 aIndonesia a813 ax, 250 hlm. :c20 cm. atext